Estudios de derecho comercial: Quintas Jornadas Nacionales de Derecho Comercial 2014

-д хадгалсан:
Номзүйн дэлгэрэнгүй
Үндсэн зохиолчид: Caballero Germain, Guillermo (Зохиогч), Lagos Villarreal, Osvaldo (Зохиогч)
Формат: Ном
Хэл сонгох:испани
Хэвлэсэн: Santiago Thomson Reuters La ley 2015
Хэвлэл:1a. ed
Нөхцлүүд:
Шошгууд: Шошго нэмэх
Шошго байхгүй, Энэхүү баримтыг шошголох эхний хүн болох!

MARC

LEADER 00000cam a2200000 a 4500
001 UCD4604
003 CL-VaPUC
005 20210713001417.0
008 160713e20151200cl 1 spa d
020 |a 9789563467376 
082 0 4 |a 346.07  |b CAB  |2 21 
100 1 |a Caballero Germain, Guillermo  |e author  |9 622202 
700 1 |a Lagos Villarreal, Osvaldo  |e author  |9 622203 
245 1 0 |a Estudios de derecho comercial: Quintas Jornadas Nacionales de Derecho Comercial 2014 
250 |a 1a. ed 
260 |a Santiago  |b Thomson Reuters La ley  |c 2015 
300 |a 572 p 
583 |a last modification  |c 20190909 10:17:12  |k Rodrigo Vera 
650 0 0 |a Derecho comercial   |9 256340 
650 0 0 |a Sociedades  |9 259052 
650 0 0 |a Sociedades anónimas  |9 255387 
650 0 0 |a Contratos  |9 255153 
650 0 7 |a CREDITOS  |2 CL-VaPUC  |9 622204 
942 |c BK 
945 |a arojas  |d 20160713 20:53:00 
546 |a En Español 
536 |a Universidad Adolfo Ibáñez 
518 |p Jornadas Nacionales de Derecho Comercial, 5, Santiago, 27 y 28 de Agosto de 2014 
999 |c 384849  |d 384847 
952 |0 0  |1 0  |3 erb  |4 0  |6 346_070000000000000_CAB_2015  |7 0  |8 A  |9 507846  |a BIBDER  |b BIBDER  |i 529830K  |l 4  |o 346.07 CAB 2015  |p 529830K  |r 2025-04-24  |s 2025-04-24  |w 2020-01-23  |y BK  |z Catalogado en:20160713  |k DER